000 00688nam a2200229Ia 4500
005 20241129115539.0
008 241129s9999||||xx |||||||||||||| ||und||
020 _a9781470425647
037 _aTB
040 _aSDCL
_beng
_cSDCL
041 _aeng
_2eng
084 _aB43 Q6
_qSDCL
100 _aPereyra Maria Cristina; Ward Lesley A.
_9727722
245 0 _aHarmonic analysis : From fourier to wavelets
260 _aHimayatnagar
_bAmerican Mathematical Society
_c2016
300 _axxiv,410p.
365 _aINR
_b0
490 _aStudent mathematical library IAS/park city mathematical subseries
650 _aGift
942 _cTB
_hB43 Q6
999 _c1230926
_d1230926